Grey lady and the strawberry snatcher (The)/ (Record no. 103181)
[ view plain ]
| 000 -LEADER | |
|---|---|
| fixed length control field | 00683nam a2200181 a 4500 |
| 005 - DATE AND TIME OF LATEST TRANSACTION | |
| control field | 20140412111252.0 |
| 008 - FIXED-LENGTH DATA ELEMENTS--GENERAL INFORMATION | |
| fixed length control field | 000824s19uu xx 00 eng d |
| 020 ## - INTERNATIONAL STANDARD BOOK NUMBER | |
| International Standard Book Number | 0-689-80381-8 |
| 050 ## - LIBRARY OF CONGRESS CALL NUMBER | |
| Classification number | TR(PS E |
| Item number | Gr75 1980 |
| 100 ## - MAIN ENTRY--PERSONAL NAME | |
| Personal name | Bang, Molly |
| 245 ## - TITLE STATEMENT | |
| Title | Grey lady and the strawberry snatcher (The)/ |
| Statement of responsibility, etc | by Molly Bang. |
| 260 ## - PUBLICATION, DISTRIBUTION, ETC. (IMPRINT) | |
| Place of publication, distribution, etc | New York : |
| Name of publisher, distributor, etc | Aladdin Paperbacks, |
| Date of publication, distribution, etc | 1980. |
| 300 ## - PHYSICAL DESCRIPTION | |
| Extent | 1 v. (unp.) ; ill. |
| 520 ## - SUMMARY, ETC. | |
| Summary, etc | The strawberry snatcher tries to wrest the strawberries from the grey lady but as he follows her through shops and woods she dicovers some delicious blackberries instead. |
| 650 ## - SUBJECT ADDED ENTRY--TOPICAL TERM | |
| Topical term or geographic name as entry element | Stories without words |
| 650 ## - SUBJECT ADDED ENTRY--TOPICAL TERM | |
| Topical term or geographic name as entry element | Strawberries-Fiction |
| Withdrawn status | Lost status | Damaged status | Home library | Current library | Shelving location | Date acquired | Source of acquisition | Cost, normal purchase price | Total Checkouts | Full call number | Barcode | Date last seen | Price effective from | Koha item type |
|---|---|---|---|---|---|---|---|---|---|---|---|---|---|---|
| Elizalde Library | Elizalde Library | Teachers Reference Section | 08/24/2000 | 218.00 | TR(PS E Gr75 1980 | E3967 | 04/12/2014 | 04/12/2014 | Books |